000 00999nam a2200265 i 4500
001 bg
100 1 _aKisiel, Adam Józef
_d(1952- ).
245 1 0 _aWymiarowanie konstrukcji prostokątnych i trapezowych wypadów budowli wodnych oraz obliczanie parametrów odskoku hydraulicznego w kolektorach kołowych.
_nCz. 2,
_pWypady prostokątne o dnie poziomym /
_cAdam Kisiel ; Politechnika Krakowska im. Tadeusza Kościuszki.
260 _aKraków :
_bPK,
_c1996.
300 _a183 s. :
_brys., wykr. ;
_c24 cm.
504 _aBibliogr. s. 183.
521 _aSkrypt dla studentów wyższych szkół technicznych.
650 9 _aHydraulika
_xteoria
650 9 _aHydrotechnika
650 9 _aKonstrukcje budowlane
_xprojekty
650 9 _aPrzepływ
_xmechanika
655 _aPodręczniki akademickie
020 _a8390387816 (cz. 2)
040 _cBPK
041 0 _apl
080 _a626.01:532](075.8)
920 _a83-903878-1-6 (cz. 2)
942 _cKS
008 s pl f |000 0 pol
999 _c31569
_d31569
856 _uhttp://koha.tu.koszalin.pl/cgi-bin/koha/opac-detail.pl?biblionumber=31569
_yKatalog online BPK